01212nam a2200253Ia 4500001001200000003000800012006001900020007001500039008004100054020001500095040002100110035002100131050002400152245031000176260005800486300001600544533015200560650002400712651003300736655002900769710001700798856012600815999001700941ebr10068437CaPaEBRm u cr cn|||||||||040817s2002 dcu s 000 0 eng d z0309084822 aCaPaEBRcCaPaEBR a(OCoLC)56780827314aT57.62b.M64 2002eb00aModeling and simulation in manufacturing and defense acquisitionh[electronic resource] :bpathways to success /cCommittee on Modeling and Simulation Enhancements for 21st Century Manufacturing and Acquisition, Board on Manufacturing and Engineering Design, Division on Engineering and Physical Sciences. aWashington, D.C. :bNational Academies Press,cc2002. axiv, 183 p. aElectronic reproduction.bPalo Alto, Calif. :cebrary,d2009.nAvailable via World Wide Web.nAccess may be limited to ebrary affiliated libraries. 0aSimulation methods. 0aUnited StatesxArmed Forces. 7aElectronic books.2local2 aebrary, Inc.40uhttp://site.ebrary.com/lib/rucke/Doc?id=10068437zAn electronic book accessible through the World Wide Web; click to view c41581d41581